| Tag |
First Indicator |
Second Indicator |
Subfields |
| LEADER |
00000ugm a2200000 a 4500 |
| 001 |
in00004249727 |
| 005 |
20260128151204.0 |
| 006 |
m o d |
| 007 |
cr cn |
| 008 |
100518s2018 xx v eng |
| 020 |
|
|
|z 9781492029410
|
| 035 |
|
|
|a (CaSebORM)9781492029427
|
| 040 |
|
|
|d UtOrBLW
|
| 041 |
0 |
|
|a eng
|
| 100 |
1 |
|
|a Pierson, Jim,
|e author.
|0 http://id.loc.gov/authorities/names/n88231950
|
| 245 |
1 |
0 |
|a Learn from the Experts about Being Performance-First :
|b Jim Pierson /
|c Pierson, Jim.
|
| 250 |
|
|
|a 1st edition.
|
| 264 |
|
1 |
|b O'Reilly Media, Inc.,
|c 2018.
|
| 300 |
|
|
|a 1 online resource (1 video file, approximately 40 min.)
|
| 336 |
|
|
|a two-dimensional moving image
|b tdi
|2 rdacontent
|
| 337 |
|
|
|a computer
|b c
|2 rdamedia
|
| 338 |
|
|
|a online resource
|b cr
|2 rdacarrier
|
| 347 |
|
|
|a video file
|
| 520 |
|
|
|a In this interview, Ally MacDonald talks to Jim Pierson about how companies can make the shift to being "performance-first" at both a technical and organizational level. With over 20 years' experience in the Performance Engineering field, Jim Pierson has worked his way up the proverbial OSI stack. Jim got his start as a Green Beret radio communications chief in the Army. He then worked his way in the software industry from cable puller to network engineer and protocol analyst to tools developer. He is currently a principal architect at GoDaddy and has previously worked at Apple, Disney, SCEdison, and Microsoft.
|
| 533 |
|
|
|a Electronic reproduction.
|b Boston, MA :
|c Safari,
|n Available via World Wide Web.
|
| 538 |
|
|
|a Mode of access: World Wide Web.
|
| 542 |
|
|
|f Copyright © O'Reilly Media, Inc.
|
| 588 |
|
|
|a Online resource; Title from title screen (viewed May 10, 2018)
|
| 500 |
|
|
|a Videorecording.
|
| 655 |
|
7 |
|a Electronic videos.
|2 local
|
| 710 |
2 |
|
|a Safari, an O'Reilly Media Company.
|
| 856 |
4 |
0 |
|u https://proxy.library.tamu.edu/login?url=https://go.oreilly.com/TAMU/library/view/-/9781492029427/?ar
|z Connect to this electronic resource
|t 0
|
| 999 |
f |
f |
|s d077b9e8-033a-3888-895d-d66700c4ce6c
|i 845bc407-9048-3814-ac62-ddbebd676d4a
|t 0
|
| 952 |
f |
f |
|a Texas A&M University
|b College Station
|c Electronic Resources
|s www_evans
|d Available Online
|t 0
|h No information provided
|
| 998 |
f |
f |
|t 0
|l Available Online
|